000 00742nam a2200253 a 4500
005 20240316063926.0
008 140217s2010 mx r 000 0 spa d
020 _a9788433024206
035 _aUPN01000195886
049 _aCG
050 4 _aHF5549.5 M6.3
_bF8.3 2010
100 1 _aYuste, Francisco
_934987
245 1 0 _aHerramientas de coaching personal /
_cFrancisco Yuste.
250 _a2a ed.
260 _aBilbao, Esp. :
_bDesclée de Brouwer,
_c2010.
300 _a389 p. :
_bil. cuadros
440 0 _aSerendipity.
_pCrecimiento personal ;
_v145
650 7 _aMotivación del empleado
_2
_911081
650 4 _aTECNICAS DE AUTOAYUDA
_9377
650 4 _aÉxito
_97041
905 _aLibro
999 _c167987
_d167987